LEADER 01139nam 2200361 450 001 9910828720403321 035 $a(CKB)4100000000881026 035 $a(MiAaPQ)EBC4987771 035 $a(PPN)204074959 035 $a(EXLCZ)994100000000881026 100 $a20170925h20172017 uy 0 101 0 $aeng 135 $aurcnu|||||||| 181 $2rdacontent 182 $2rdamedia 183 $2rdacarrier 200 10$aMATLAB for machine learning $efunctions, algorithms, and use cases /$fGiuseppe Ciaburro 210 1$aBirmingham, England ;$aMumbai, [India] :$cPackt,$d2017. 210 4$dİ2017 215 $a1 online resource (360 pages) $cillustrations 311 $a1-78839-939-0 320 $aIncludes bibliographical references at the end of each chapters and index. 606 $aNumerical analysis$xData processing 615 0$aNumerical analysis$xData processing. 676 $a518.028553 700 $aCiaburro$b Giuseppe$0429994 801 0$bMiAaPQ 801 1$bMiAaPQ 801 2$bMiAaPQ 906 $aBOOK 912 $a9910828720403321 996 $aMATLAB for machine learning$94036786 997 $aUNINA